000 00441nam a2200181Ia 4500
001 3415
005 20260306145641.0
008 260306t2001||||xx |||||||||||||| ||spa||
041 _aESP
082 _a272.7
_bC24
100 _aCampenhausen, Hans von
_eAUT
245 0 _aLos padres de la iglesia II:
_bpadres latinos
260 _c2001
300 _a405 páginas :
_c20 cm.
650 _aGEN
654 _aCHU
942 _cLIB
_dJUS
_fJUS
_2ddc
_n
999 _c3415
_d3415